banner koha

Os promissores campos da ETH (Registro n. 337521)

MARC details
000 -LÍDER
fixed length control field 00952nab a2200301 4500
003 - CÓDIGO MARC DA AGÊNCIA CATALOGADORA
Campo de controle BR-BrBNA
005 - DATA E HORA DA ÚLTIMA ATUALIZAÇÃO
Campo de controle 20250807232108.0
008 - CAMPO DE TAMANHO FIXO
fixed length control field 250807b bl.||||| |||| 00| 0 por d
040 ## - FONTE DA CATALOGAÇÃO
Agência catalogadora BR-BrBNA
Idioma da catalogação por
072 ## - CATEGORIA AGRIS
Código AGRIS P06 ; P05 ; F01 ; E20 ; E21 ; E13 ; E70 ; E72
Código do objeto 0230
100 ## - ENTRADA PRINCIPAL - NOME PESSOAL
Nome pessoal Pontes, Alécia
245 ## - TÍTULO PRINCIPAL
Título principal Os promissores campos da ETH
Subtítulo Agronegócios
500 ## - NOTA GERAL
Nota geral 4 illus.
942 ## - ADDED ENTRY ELEMENTS (KOHA)
Koha item type Analítica
650 ## - ASSUNTO - THESAGRO
Cabeçalho tópico ou nome geográfico EMPRESA
650 ## - ASSUNTO - THESAGRO
Cabeçalho tópico ou nome geográfico USINA AÇUCAREIRA
650 ## - ASSUNTO - THESAGRO
Cabeçalho tópico ou nome geográfico AGROINDÚSTRIA
650 ## - ASSUNTO - THESAGRO
Cabeçalho tópico ou nome geográfico BIOENERGIA
650 ## - ASSUNTO - THESAGRO
Cabeçalho tópico ou nome geográfico BIOCOMBUSTÍVEL
650 ## - ASSUNTO - THESAGRO
Cabeçalho tópico ou nome geográfico CANA DE AÇÚCAR
650 ## - ASSUNTO - THESAGRO
Cabeçalho tópico ou nome geográfico ENERGIA
650 ## - ASSUNTO - THESAGRO
Cabeçalho tópico ou nome geográfico ETANOL
650 ## - ASSUNTO - THESAGRO
Cabeçalho tópico ou nome geográfico INVESTIMENTO
650 ## - ASSUNTO - THESAGRO
Cabeçalho tópico ou nome geográfico COMERCIALIZAÇÃO
650 ## - ASSUNTO - THESAGRO
Cabeçalho tópico ou nome geográfico MERCADO INTERNO
773 0# - ENTRADA ANALÍTICA
Host Biblionumber 1706
Registro do item 347990
Imprenta São Paulo-SP Editora Três Ltda - E-mail: luizfsa@revistadinheiro.com.br 2004
Outro identificador 2025-0485
Título Dinheiro Rural (Brazil)
ISSN 1807-3700
Colação v. 7(81) p. 78-80; (Jul 2011)
Número de controle de registro BR2025002014

Nenhum exemplar disponível.

BINAGRI

Telefone: (61)3218-2567/2388/3357/2097 - binagri@agro.gov.br

Ministério da Agricultura e Pecuária , Esplanada dos Ministérios, Bloco D, Anexo B, Brasília/DF, CEP: 70.043-900